Jeronimo de Aguilar, conquistador.

Bibliographic Details
Main Author: Butterfield, Marvin Ellis, 1897-
Format: Book
Language:English
Published: University, Ala., [publisher not identified] ; [1955]
Series:University of Alabama studies ; no. 10.
Subjects:

MARC

Tag First Indicator Second Indicator Subfields
LEADER 00000cam a2200000 4500
001 in00000249721
005 20151010054259.0
008 721114s1955 alu b 00000 eng d
010 |a  55011361  
035 |a (OCoLC)00494182 
035 |9 ABC7336AM 
040 |c WSU  |d TXA  |d UtOrBLW 
049 |a TXAM  |c [915488] 
090 |a F1230.A44  |b B8 
100 1 |a Butterfield, Marvin Ellis,  |d 1897- 
245 1 0 |a Jeronimo de Aguilar, conquistador. 
264 1 |a University, Ala.,  |b [publisher not identified] ;  |c [1955] 
300 |a 54 pages ;  |c 23 cm. 
336 |a text  |b txt  |2 rdacontent 
337 |a unmediated  |b n  |2 rdamedia 
338 |a volume  |b nc  |2 rdacarrier 
490 1 |a University of Alabama studies,  |v no.10 
504 |a Includes bibliography. 
600 1 0 |a Aguilar, Jerónimo de,  |d 1489-1531. 
651 0 |a Mexico  |x History  |y Conquest, 1519-1540. 
830 0 |a University of Alabama studies ;  |v no. 10. 
999 |a MARS 
999 f f |s 49b9b46a-36a6-3cf9-a63a-003c70d2fdde  |i 34d96412-2ddb-314e-ad45-3363c395db73  |t 0 
952 f f |p ric  |a Texas A&M University  |b Rellis Campus  |c Joint Library Facility  |d Remote Storage  |t 0  |e F1230.A44 B8  |h Library of Congress classification  |i unmediated -- volume  |m A14802340005 
998 f f |a F1230.A44 B8  |t 0  |l Remote Storage